00854nam a2200229Ia 4500003000900000008004100009020001800050040001600068080001900084245016000103260003600263300001600299650004100315650003200356650003500388700002800423700003000451700002300481942000700504999001700511952009600528IN-BaIIA211028s9999 xx 000 0 eng d a0-8243-0938-3 cIIA Library a(05)52bANN-38 0aAnnual review of astronomy and astrophysicsbvol. 38cedited by Geoffrey Burbidge, Allan Sandage and Frank H. Shu  aPalo AltobAnnual Reviewsc2000 aviii, 859p. aAstronomy and astrophysics thesaurus aAstronomy-Periodicals94087 aAstrophysics-Periodicals94088 aBurbidge, Geoffrey, ed. aSandage, Allan, ed.99048 aShu, Frank H., ed. cBK c13918d13918 00104070aBANbKAVcGENd0000-00-00l0o(05)52/ ANN-38p14838r2021-11-05w0000-00-00yBK